Water resources : (Record no. 535016)

000 -LEADER
fixed length control field 02690cam a22004098i 4500
001 - CONTROL NUMBER
control field 21103021
003 - CONTROL NUMBER IDENTIFIER
control field NUST
005 - DATE AND TIME OF LATEST TRANSACTION
control field 20200827100658.0
008 - FIXED-LENGTH DATA ELEMENTS--GENERAL INFORMATION
fixed length control field 190726s2020 enk b 001 0 eng
010 ## - LIBRARY OF CONGRESS CONTROL NUMBER
LC control number 2019028081
020 ## - INTERNATIONAL STANDARD BOOK NUMBER
International Standard Book Number 9781138329218
Qualifying information (hardback)
020 ## - INTERNATIONAL STANDARD BOOK NUMBER
International Standard Book Number 9781138329225
Qualifying information (paperback)
020 ## - INTERNATIONAL STANDARD BOOK NUMBER
Canceled/invalid ISBN 9780429448270
Qualifying information (ebook)
038 ## - RECORD CONTENT LICENSOR
Staff Name MSOHAIL
040 ## - CATALOGING SOURCE
Original cataloging agency DLC
Language of cataloging eng
Description conventions rda
Transcribing agency DLC
042 ## - AUTHENTICATION CODE
Authentication code pcc
050 00 - LIBRARY OF CONGRESS CALL NUMBER
Classification number TD346
Item number .W28 2020
082 00 - DEWEY DECIMAL CLASSIFICATION NUMBER
Classification number 333.91 HOL
Edition number 23
245 00 - TITLE STATEMENT
Title Water resources :
Remainder of title an integrated approach /
Statement of responsibility, etc. Joseph Holden.
250 ## - EDITION STATEMENT
Edition statement Second edition.
263 ## - PROJECTED PUBLICATION DATE
Projected publication date 1912
264 #1 - PRODUCTION, PUBLICATION, DISTRIBUTION, MANUFACTURE, AND COPYRIGHT NOTICE
Place of production, publication, distribution, manufacture Abingdon, Oxon ;
-- New York :
Name of producer, publisher, distributor, manufacturer Routledge,
Date of production, publication, distribution, manufacture, or copyright notice 2020.
300 ## - PHYSICAL DESCRIPTION
Extent pages cm
336 ## - CONTENT TYPE
Content type term text
Content type code txt
Source rdacontent
337 ## - MEDIA TYPE
Media type term unmediated
Media type code n
Source rdamedia
338 ## - CARRIER TYPE
Carrier type term volume
Carrier type code nc
Source rdacarrier
504 ## - BIBLIOGRAPHY, ETC. NOTE
Bibliography, etc. note Includes bibliographical references and index.
505 0# - FORMATTED CONTENTS NOTE
Formatted contents note Water fundamentals / Joseph Holden -- The changing water cycle / Stephen Sitch and Frances Drake -- River basin hydrology / Joseph Holden -- Surface water quality / Pippa J. Chapman, Paul Kay, Gordon Mitchell and Colin S. Pitts -- Groundwater / L. Jared West and Sumit Sinha -- Aquatic ecosystems / Lee E. Brown, Colin S. Pitts, Alison M. Dunn and Christopher Hassall -- Water and health / Rebecca J. Slack -- Potable water and wastewater treatment / Nigel J. Horan -- Water demand planning and management / Adrian T. McDonald and Gordon Mitchell -- Water economics / Sonja S. Teelucksingh, Nesha C. Beharry-Borg, Yixin Hu, Zhao Zeng and Dabo Guan -- Water conflict, law and governance / Anamika Barua and Kitriphar Tongper Virtual water / Martin R. Tillotson, Dabo Guan and Xu Zhao -- The future of water / Joseph Holden.
520 ## - SUMMARY, ETC.
Summary, etc. "The second edition provides students with a comprehensive overview of natural processes associated with water and the modifications of these processes by humans through climate change and land management, water-related health issues, engineering approaches to water and socio-economic processes of huge importance to water resources. The book contains chapters written by 24 specialist contributors, providing expert depth of coverage to topics. It will be an indispensable guide to undergraduates studying Water Resources and Management, Geography of Water, and Water in the Environment"--
Assigning source Provided by publisher.
650 #0 - SUBJECT ADDED ENTRY--TOPICAL TERM
Topical term or geographic name entry element Water supply.
9 (RLIN) 29491
650 #0 - SUBJECT ADDED ENTRY--TOPICAL TERM
Topical term or geographic name entry element Water resources development.
9 (RLIN) 29492
650 #0 - SUBJECT ADDED ENTRY--TOPICAL TERM
Topical term or geographic name entry element Water security.
9 (RLIN) 29493
700 1# - ADDED ENTRY--PERSONAL NAME
Personal name Holden, Joseph,
Dates associated with a name 1975-
Relator term editor of compilation.
9 (RLIN) 29494
906 ## - LOCAL DATA ELEMENT F, LDF (RLIN)
a 7
b cbc
c orignew
d 1
e ecip
f 20
g y-gencatlg
942 ## - ADDED ENTRY ELEMENTS (KOHA)
Source of classification or shelving scheme
Koha item type Book
Holdings
Withdrawn status Lost status Source of classification or shelving scheme Damaged status Not for loan Permanent Location Current Location Date acquired Total Checkouts Full call number Barcode Date last seen Price effective from Koha item type
          School of Civil and Environmental Engineering (SCEE) School of Civil and Environmental Engineering (SCEE) 08/27/2020   333.91 HOL NIT-13122 08/27/2020 08/27/2020 Book
© 2023 Central Library, National University of Sciences and Technology. All Rights Reserved.